000
00347nam a2200157Ia 4500
003
OSt
005
20240330160751.0
008
170524s9999 xx 000 0 und d
020
_a
978-1-25-902936-3
040
_c
IIMTU MEERUT
100
_a
SINGH-NARENDAR
100
_c
2012
245
0
_a
INDUSTRIAL SOCIOLOGY
260
_a
TMH
942
_2
ddc
_c
02
999
_c
2984
_d
2984